Creating Connections : Museums and the Public Understanding of Current Research /

Textos en torno a la comprensión de la ciencia por parte del gran público y las relaciones posibles de establecer, a través de los museos científicos, entre los expertos y los visitantes. La pregunta central gira en torno al papel de los museos especializados en la asimilación social de la ciencia y...

Бүрэн тодорхойлолт

-д хадгалсан:
Номзүйн дэлгэрэнгүй
Үндсэн зохиолч: Chittenden, David (autor)
Бусад зохиолчид: Farmelo, Graham (autor) (autor), Lewenstein, Bruce V. (autor) (autor)
Формат: Ном
Хэл сонгох:англи
Хэвлэсэн: Lanham, EUA : Rowman and Littlefield, 2004, c2004
Нөхцлүүд:
Шошгууд: Шошго нэмэх
Шошго байхгүй, Энэхүү баримтыг шошголох эхний хүн болох!

MARC

LEADER 00000nam^a2200000^a^4500
001 000182728
005 20250521000000.0
009 20260310102017.382
020 |a 0-7591-0476-X 
037 |a Acervo ITESO - Biblioteca 
041 |a ING 
082 |a 507. 4  |b CHI 
100 |a Chittenden, David  |e (autor) 
245 1 0 |a Creating Connections :  |b Museums and the Public Understanding of Current Research /  |c D. Chittenden, G. Farmelo, B.V. Lewenstein ; pref. de Bill Nye. 
264 4 |a Lanham, EUA :  |b Rowman and Littlefield,  |c 2004, c2004 
300 |a XIV, 379 p. 
336 |a texto  |b txt  |2 rdacontenido 
337 |a sin mediación  |b n  |2 rdamedio 
338 |a volumen  |b nc  |2 rdasoporte 
520 |a Textos en torno a la comprensión de la ciencia por parte del gran público y las relaciones posibles de establecer, a través de los museos científicos, entre los expertos y los visitantes. La pregunta central gira en torno al papel de los museos especializados en la asimilación social de la ciencia y la tecnología. 
649 |a XX 
650 |a Visitantes de Museos 
650 |a Museos Científicos y Tecnológicos 
650 |a Ciencia -  |x Difusión 
650 |a Tecnología y Sociedad 
650 |a Periodismo Cultural 
650 |a Recepción y Apropiación de la Comunicación 
650 |a Comunicación Masiva 
650 |a Comunicación Educativa 
650 |a Museología 
650 |a Sociología de la Ciencia 
700 |a Farmelo, Graham  |e (autor) 
700 |a Lewenstein, Bruce V.  |e (autor) 
910 |a Fondo General 
920 |a Impresos - Libros 
930 |a Colección General 
905 |a 101 
901 |a 0500122700  |b IT1  |c ACC  |u 20250521 
902 |a https://opac.biblio.iteso.mx/vufind/Record/000182728